Najpopularniejsze Stworzenia Historyczne - Statystyki

Ogólne statystyki
  • Ten quiz został rozwiązany 27 razy
  • Średni wynik to 9 z 13
Statystyki odpowiedzi
Okres Stworzenie % Poprawnych
Trias Dinozaury
84%
Jura Dinozaury
84%
Kreda Dinozaury
84%
Kambr Trylobit
68%
Ordowik Trylobit
68%
Sylur Trylobit
68%
Dewon Trylobit
68%
Karbon Trylobit
68%
Perm Trylobit
68%
Neogen Człowiek
63%
Czwartorzęd Człowiek
63%
Paleogen Ptaki
53%
Prekambr Bakterie
47%
Nie znaleziono quizów pasujących do podanych kryteriów
Rozkład punktacji
Procent ludzi z każdym wynikiem
Percentyl według liczby udzielonych odpowiedzi
Twoja historia wyników
Nie rozwiązałeś tego quizu